000 00513nam a2200205Ia 4500
005 20250425162826.0
008 250425s9999 xx 000 0 und d
020 _a9780471647355
041 _aeng
044 _a-us
082 _a621.382
_pHAY
100 _aHAYKIN, SIMON
245 0 _aDIGITAL COMMUNICATION SYSTEMS
250 _a1ST ED.
264 _aEstados Unidos, NEW YORK
_bJHON WILEY & SONS, INC
_c2014.
300 _a700
650 _aCOMUNICACIONES DIGITALES
942 _c01
010 _a110534
999 _c237226
_d237226